The art of using your imagination in writing.

Bibliographic Details
Main Author: Higgins, Frank Victor
Format: Book
Language:English
Published: Arlington, Va. : Varsity Press, [1961]
Edition:[1st ed.].
Subjects:

MARC

Tag First Indicator Second Indicator Subfields
LEADER 00000cam a2200000 4500
001 in00000031691
005 20151007063056.0
008 771024s1961 vaua 00000 eng
010 |a  60012964  
035 |a (OCoLC)03365269 
035 |9 AAD6497AM 
040 |a DLC  |c OCP  |d TXA  |d UtOrBLW 
049 |a TXAM  |c [333667] 
050 0 |a PN3355  |b .H5 
082 0 |a 808.3 
092 |a 808.3  |b H636a 
100 1 |a Higgins, Frank Victor. 
245 1 4 |a The art of using your imagination in writing. 
250 |a [1st ed.]. 
264 1 |a Arlington, Va. :  |b Varsity Press,  |c [1961] 
300 |a 136 pages :  |b illustrations ;  |c 24 cm. 
336 |a text  |b txt  |2 rdacontent 
337 |a unmediated  |b n  |2 rdamedia 
338 |a volume  |b nc  |2 rdacarrier 
650 0 |a Fiction  |x Authorship. 
650 0 |a Fiction  |x Technique. 
999 |a MARS 
999 f f |s 81131a3b-0345-35cb-83e4-14e3ed906be2  |i a4dc5e30-5cba-3993-9318-ffdb1cc5e52c  |t 0 
952 f f |p normal  |a Texas A&M University  |b College Station  |c Sterling C. Evans Library  |d Evans: Library Stacks  |t 0  |e PN3355 .H5  |h Library of Congress classification  |i unmediated -- volume  |m A14801198308 
998 f f |a PN3355 .H5  |t 0  |l Evans: Library Stacks